Central Library and Information Centre
Sibsagar Girls' College, Sivasagar : Assam

LIFE IS ELSEWHERE (Record no. 4687)

MARC details
000 -LEADER
fixed length control field 00483cam a2200205ua 4500
008 - FIXED-LENGTH DATA ELEMENTS--GENERAL INFORMATION
fixed length control field 160930n1992 II |||gr||||Z||||||eng
040 ## - CATALOGING SOURCE
Original cataloging agency MAIN
041 ## - LANGUAGE CODE
-- English
082 ## - DEWEY DECIMAL CLASSIFICATION NUMBER
Classification number 821 KUN
100 ## - MAIN ENTRY--PERSONAL NAME
Personal name KUNDERA, MILAN.
245 ## - TITLE STATEMENT
Title LIFE IS ELSEWHERE
250 ## - EDITION STATEMENT
Edition statement 1ST.
260 ## - PUBLICATION, DISTRIBUTION, ETC.
Place of publication, distribution, etc. KOLKATA
Name of publisher, distributor, etc. RUPA & CO.
Date of publication, distribution, etc. 1992
300 ## - PHYSICAL DESCRIPTION
Extent 311:
Dimensions 18CM.
700 ## - ADDED ENTRY--PERSONAL NAME
Personal name KUNDERA, MILAN.,
Relator term AUTHOR.
700 ## - ADDED ENTRY--PERSONAL NAME
Personal name KUSSI, PETER.,
Relator term TRANSLATOR.
942 ## - ADDED ENTRY ELEMENTS (KOHA)
Koha item type Books
653 ## - INDEX TERM--UNCONTROLLED
Uncontrolled term English poetry
Holdings
Withdrawn status Lost status Damaged status Not for loan Collection code Home library Current library Shelving location Date acquired Full call number Barcode Date last seen Copy number Price effective from Koha item type Public note
        REFENG Central Library and Information Centre Sibsagar Girls College Central Library and Information Centre Sibsagar Girls College ENGLISH REFERENCE RACK 06.06.1990 821 KUN 12996 27.02.2020 1 27.02.2020 Books V


Sibsagar Girl's College © 2020. All rights reserved.
Powered by Koha.
Maintained by Abhijit Borpuzari.